<?xml version="1.0" encoding="UTF-8"?>
<record
    xmlns:xsi="http://www.w3.org/2001/XMLSchema-instance"
    xsi:schemaLocation="http://www.loc.gov/MARC21/slim http://www.loc.gov/standards/marcxml/schema/MARC21slim.xsd"
    xmlns="http://www.loc.gov/MARC21/slim">

  <leader>00454nam a22001697a 4500</leader>
  <controlfield tag="003">OSt</controlfield>
  <controlfield tag="005">20120302144422.0</controlfield>
  <controlfield tag="008">090319t        xxu||||| |||| 00| 0 eng d</controlfield>
  <datafield tag="035" ind1=" " ind2=" ">
    <subfield code="a">&#x967;&#x969;&#x968;&#x967;</subfield>
  </datafield>
  <datafield tag="040" ind1=" " ind2=" ">
    <subfield code="c">&#x92E;&#x930;&#x93E;&#x920;&#x940;</subfield>
  </datafield>
  <datafield tag="100" ind1=" " ind2=" ">
    <subfield code="a">&#x928;&#x93E;&#x902;&#x917;&#x930;&#x947; , &#x92C;&#x932;&#x930;&#x93E;&#x92E;</subfield>
    <subfield code="9">2111</subfield>
  </datafield>
  <datafield tag="245" ind1=" " ind2=" ">
    <subfield code="a">&#x905;&#x92A;&#x902;&#x917;&#x93E;</subfield>
  </datafield>
  <datafield tag="250" ind1=" " ind2=" ">
    <subfield code="a">&#x967; &#x932;&#x940;</subfield>
  </datafield>
  <datafield tag="260" ind1=" " ind2=" ">
    <subfield code="a">&#x92A;&#x941;&#x923;&#x947;</subfield>
    <subfield code="b">&#x905;&#x92E;&#x92F;</subfield>
    <subfield code="c">&#x967;&#x96F;&#x96C;&#x96B;</subfield>
  </datafield>
  <datafield tag="300" ind1=" " ind2=" ">
    <subfield code="b">&#x967;&#x96C;&#x96D;  &#x92A;&#x93E;&#x928;&#x947;</subfield>
  </datafield>
  <datafield tag="942" ind1=" " ind2=" ">
    <subfield code="2">ddc</subfield>
    <subfield code="c">BOOK</subfield>
  </datafield>
  <datafield tag="999" ind1=" " ind2=" ">
    <subfield code="c">487288</subfield>
    <subfield code="d">487285</subfield>
  </datafield>
  <datafield tag="952" ind1=" " ind2=" ">
    <subfield code="0">0</subfield>
    <subfield code="1">0</subfield>
    <subfield code="2">ddc</subfield>
    <subfield code="4">0</subfield>
    <subfield code="7">0</subfield>
    <subfield code="a">BVM</subfield>
    <subfield code="b">BVM</subfield>
    <subfield code="d">2009-03-19</subfield>
    <subfield code="g">0.00</subfield>
    <subfield code="l">0</subfield>
    <subfield code="p">&#x967;&#x969;&#x968;&#x967;</subfield>
    <subfield code="r">2010-03-19 00:00:00</subfield>
    <subfield code="w">2010-03-19</subfield>
  </datafield>
</record>
